| 000 | 00949cam a2200277 4500 | ||
|---|---|---|---|
| 008 | 090401t1992 xxu||||| |||| 00| 0 eng d | ||
| 020 | _a0947763635 | ||
| 035 | _a(Sirsi) u61456 | ||
| 041 | _aeng | ||
| 050 | _a692.2 | ||
| 100 | _aDownward, Alan | ||
| 245 | _aBuilding control: a guide to the law. | ||
| 260 |
_aReading _bCollege of Estate Management _c1992 |
||
| 300 | _a125p. ; 30cm. | ||
| 350 | _a17.5 | ||
| 520 | _aA practical guide to the current acts and regulations, including fire legislation, local authority and private certification procedures and the Building Regulations and Approved Documents. | ||
| 650 | _aBUILDING ACT 1984 | ||
| 650 |
_aBUILDING CONTROL _96222 |
||
| 650 | _aBUILDING REGULATIONS 1991 | ||
| 650 | _aFIRE PRECAUTIONS ACT 1971 | ||
| 650 | _aHIGHWAYS ACT 1980 | ||
| 690 | _aBUILDING AND CONSTRUCTION-REGULATIONS | ||
| 710 |
_aCollege of Estate Management _9400 |
||
| 942 | _n0 | ||
| 948 | _c04/03/1997 | ||
| 999 |
_c94315 _d94315 |
||